Caricamento...

Green and saffron : Hindu nationalism and Indian environmental politics /

Dettagli Bibliografici
Autore principale: Mukul sharma
Natura: Printed Book
Pubblicazione: New Delhi : Permanent black, 2012.
LEADER 00487nam a22001217a 4500
020 |a 9788178243405 
082 |a 320.55954   |b MUK.G 
100 |a Mukul sharma 
245 |a Green and saffron :   |b Hindu nationalism and Indian environmental politics /  |c by Mukul sharma 
260 |a New Delhi :  |b Permanent black,  |c 2012. 
942 |c BK 
999 |c 301366  |d 301366 
952 |0 0  |1 0  |4 0  |6 320_559540000000000_MUK_G  |7 0  |8 NFIC  |9 321917  |a POL  |b POL  |c GEN  |d 2020-10-05  |l 0  |o 320.55954 MUK.G  |p POL19361  |r 2020-10-05  |w 2020-10-05  |y BK